MARC details
| 000 -CABECERA |
| campo de control de longitud fija |
02861nam a2200313 4500 |
| 003 - IDENTIFICADOR DEL NÚMERO DE CONTROL |
| campo de control |
EC-UNACH |
| 005 - FECHA Y HORA DE LA ÚLTIMA TRANSACCIÓN |
| campo de control |
20260331110511.0 |
| 006 - CÓDIGOS DE INFORMACIÓN DE LONGITUD FIJA--CARACTERÍSTICAS DEL MATERIAL ADICIONAL |
| campo de control de longitud fija |
s||||gr|||| 00| 00 |
| 008 - DATOS DE LONGITUD FIJA--INFORMACIÓN GENERAL |
| campo de control de longitud fija |
150116t9999 mx r gr 000 0 spa d |
| 040 ## - FUENTE DE LA CATALOGACIÓN |
| Centro catalogador/agencia de origen |
EC-UNACH |
| Centro/agencia transcriptor |
EC-UNACH |
| 041 ## - CÓDIGO DE LENGUA |
| Código de lengua del texto/banda sonora o título independiente |
spa |
| 082 04 - NÚMERO DE LA CLASIFICACIÓN DECIMAL DEWEY |
| Número de edición |
23 |
| Número de clasificación |
336 |
| Número de documento/Ítem |
L018610 |
| 100 ## - ENTRADA PRINCIPAL--NOMBRE DE PERSONA |
| Nombre de persona |
Sánchez Cuesta, Patricio Alejandro |
| 245 ## - MENCIÓN DE TÍTULO |
| Título |
Finanzas: Experiencias en América Latina y Ecuador |
| 250 ## - MENCIÓN DE EDICIÓN |
| Mención de edición |
Primera Edición |
| 264 ## - Producción, publicación, distribución, fabricación y copyright |
| Lugar de producción, publicación, distribución, fabricación |
Riobamba - Ecuador |
| Nombre del de productor, editor, distribuidor, fabricante |
Universidad Nacional de Chimborazo |
| Fecha de de producción, publicación, distribución, fabricación o copyright |
2025 |
| 264 ## - Producción, publicación, distribución, fabricación y copyright |
| Lugar de producción, publicación, distribución, fabricación |
Producción UNACH |
| 300 ## - DESCRIPCIÓN FÍSICA |
| Extensión |
164 páginas |
| 501 ## - NOTA DE "CON" |
| Nota de “Con” |
Este libro, Microfinanzas: Experiencias en América Latina y Ecuador, tiene como propósito analizar en detalle el desarrollo y la evolución de las microfinanzas como herramienta clave para promover la inclusión financiera y el crecimiento económico en la región. A través de un enfoque multidimensional, el texto aborda los diferentes aspectos teóricos, prácticos y regulatorios que han dado forma al sector microfinanciero, con especial énfasis en las experiencias de varios países latinoamericanos y en el caso particular de Ecuador.<br/><br/>El término de microfinanzas ha ganado relevancia en las últimas décadas, especialmente en los países en vías de desarrollo, como un mecanismo eficaz para proporcionar servicios financieros a sectores tradicionalmente excluidos del sistema bancario formal. Este libro pretende ofrecer una visión integral del fenómeno de las microfinanzas, proporcionando tanto un análisis conceptual como un estudio de casos prácticos que ilustran su impacto en diversas economías latinoamericanas.<br/><br/>El primer capítulo se centra en los aspectos conceptuales y teóricos de las microfinanzas. En esta sección, se presenta una definición clara y precisa de lo que constituye este sector, diferenciando los diversos instrumentos financieros que lo componen, tales como los microcréditos, los servicios de ahorro, seguros y transferencias. Asimismo, se discuten las bases teóricas sobre las que se asienta el modelo de microfinanzas, enmarcando su evolución desde sus primeros indicios hasta su consolidación como una herramienta de desarrollo económico. |
| 505 ## - NOTA DE CONTENIDO CON FORMATO |
| Nota de contenido con formato |
Capítulo 1: Las microfinanzas : conceptualización -- Capítulo 2: El microcrédito: conceptualización e importancia -- Capítulo 3: Experiencias latinoamericanas -- Capítulo 4: Experiencias en Ecuador |
| 650 ## - PUNTO DE ACCESO ADICIONAL DE MATERIA--TÉRMINO DE MATERIA |
| Término de materia o nombre geográfico como elemento inicial |
MERCADO DE MICROCRÉDITO |
| 650 ## - PUNTO DE ACCESO ADICIONAL DE MATERIA--TÉRMINO DE MATERIA |
| Término de materia o nombre geográfico como elemento inicial |
MICROFINANZAS INTERNACIONALES |
| 650 ## - PUNTO DE ACCESO ADICIONAL DE MATERIA--TÉRMINO DE MATERIA |
| Término de materia o nombre geográfico como elemento inicial |
PROVEEDORES DE MICROCRÉDITOS |
| 856 ## - LOCALIZACIÓN Y ACCESO ELECTRÓNICOS |
| Nombre del host |
https://editorial.unach.edu.ec/index.php/Editorial/catalog/book/268 |
| Texto de enlace |
Libro Digital - Microfinanzas: Experiencias en América Latina y Ecuador |
| 942 ## - ELEMENTOS DE PUNTO DE ACCESO ADICIONAL (KOHA) |
| Fuente del sistema de clasificación o colocación |
Clasificación Decimal Dewey |
| Tipo de ítem Koha |
Libro electrónico |
| 999 ## - NÚMEROS DE CONTROL DE SISTEMA (KOHA) |
| Koha biblionumber |
14464 |